Loading...
| Science - Chemistry | 1 | 6 | 2 | 3 | 65 | 62 | 97.57 | 1 | 2 | 13.66 | 32.95 |
| Literature - World | 1 | 5 | 0 | 2 | 65 | 77 | 123.50 | 1 | 1 | 7.32 | 20.45 |
| Science - Physics | 0 | 6 | 2 | 0 | 50 | 71 | 90.17 | 0 | 1 | 16.31 | 31.82 |
| Literature - British | 0 | 4 | 0 | 0 | 40 | 83 | 115.50 | 0 | 1 | 6.34 | 15.91 |
| Science - Other | 1 | 4 | 3 | 0 | 40 | 58 | 83.80 | 0 | 2 | 17.22 | 28.41 |
| Literature - American | 0 | 3 | 0 | 0 | 30 | 96 | 130.33 | 0 | 0 | 4.22 | 9.09 |
| Literature - European | 0 | 3 | 0 | 0 | 30 | 102 | 118.33 | 0 | 0 | 4.25 | 11.36 |
| Mythology | 0 | 2 | 0 | 1 | 20 | 122 | 124.50 | 0 | 0 | 0.84 | 5.00 |
| Social Science | 0 | 1 | 0 | 0 | 10 | 89 | 89.00 | 1 | 1 | 2.99 | 10.00 |
| Fine Arts - Other | 0 | 1 | 0 | 0 | 10 | 142 | 142.00 | 0 | 1 | 0.06 | 6.82 |
| Fine Arts - Visual | 0 | 1 | 0 | 0 | 10 | 131 | 131.00 | 0 | 0 | 0.07 | 1.14 |
| Mythology- Edited | 0 | 1 | 0 | 0 | 10 | 123 | 123.00 | 0 | 0 | 11.51 | 50.00 |
| Religion | 0 | 1 | 0 | 0 | 10 | 125 | 125.00 | 0 | 0 | 1.13 | 6.25 |
| Science - Biology | 0 | 1 | 0 | 1 | 10 | 122 | 122.00 | 0 | 0 | 0.49 | 1.14 |
| Fine Arts - Auditory | 0 | 1 | 0 | 1 | 10 | 131 | 131.00 | 0 | 0 | 0.07 | 1.14 |
| Philosophy | 0 | 1 | 1 | 0 | 5 | 128 | 128.00 | 0 | 0 | 0.07 | 2.27 |
| Pop Culture | 0 | 1 | 1 | 0 | 5 | 135 | 135.00 | 0 | 0 | 0.15 | 7.50 |
| History - European | 0 | 0 | 1 | 0 | -5 | 0.00 | 0 | 0 | 0.00 | 0.00 |